MDQL
is popping MORE tags! Check the
thread
!
Quizzes
Events
Quiz Creation
Community
Videos
Private Events
Remove Ads
Sign In
Join for FREE
Feedback
Dark Mode
Quiz Categories
Sports
Geography
Music
Movies
Television
Just For Fun
Miscellaneous
History
Literature
Language
Science
Gaming
Entertainment
Religion
Holiday
For Kids
Quiz Lab
Recent
Popular Today
Quiz Kudos Today
Editor Picks
Curator Picks
Quizzes by...
Day
Popularity
Type
Ratings
Length
Year
Community
Subscriptions
Recent Discussions
Orange Saloon
Badges
Playlists
Quests
Create
Leaderboards
Showdown
Live 5
Trivia Bingo
Activity
Puzzle Library
Sporcle Events
Private Events
Virtual Trivia
Globe League
Become a Host
Pub Owners
SporcleCon
Opinionation
Our Games
Videos
Blog
Mobile Apps
Partnerships
Remove Ads and Go Orange
Feedback
Television
TV Characters
TV Show
Sitcom
Network
Friends
Reality Shows
Cast
South Park
Star Trek
The Simpsons
Doctor Who
Television
TV Characters
TV Show
Sitcom
Network
Friends
Reality Shows
Cast
South Park
Star Trek
The Simpsons
Doctor Who
Random Quiz
Search Sporcle
×
Quiz Lab
Quiz Lab
Television
The Office
Type in answers that appear in a list
Type in answers that appear in a list
Classic
Best Score? Go Orange.
The Office Trivia: Jim Halpert Stats
Can you name the facts about Jim Halpert??
By
katy_
5m
17 Questions
4,698 Plays
4,698 Plays
4,698 Plays
Comments
Comments
Give Quiz Kudos
Give Quiz Kudos
-
- Ratings
hide this ad
Forced Order
Answers have to be entered in order
Answers have to be entered in order
Replay
Link that replays current quiz
Next Quiz
Link to next quiz in quiz playlist
You Got
0%
They Got
Avg Score
54%
Avg Friend Score
Upgrade to see
Score Distribution
Jump to the score distribution portion of the page
Score
0/17
Timer
05:00
0
Plays Today
Hint
Answer
% Correct
'Question: what kind of _
_
_
_
_
_
_
_
is best?'
Bear
90.4%
Who was his girlfriend from that branch?
Karen Filipelli
88.4%
What substance does he put office supplies into as a prank?
Jello
86.4%
What is Andy's nickname for Jim?
Big Tuna
85.1%
What branch did Jim transfer to before it was merged with the Scranton branch?
Stamford
76.6%
What does Jim make Dwight purchase all of his office supplies out of?
Vending Machine
71.2%
Name one of Jim's Halloween costumes.
Facebook/Dave/3-Hole Punch Jim
65%
What does Jim say was 'kind of his thing' in high school?
Basketball
63.3%
He names his 'funtivities' team _
_
_
_
_
_
_
_
on Beach Day.
Voldemort
54.1%
Hint
Answer
% Correct
How much does he pay for his Dwight Shrute ensemble?
$11.00
49.2%
'I want to clamp Michael's face in a _
_
_
_
_
_
_
_
_
_
_
.'
George Foreman Grill
39.7%
David Wallace doesn't know if he can hire Jim at the corporate office because he is a _
_
_
_
_
_
_
_
_
_
fan.
Sixers
39.3%
According to Ryan, Jim has this for lunch every day.
Ham and Cheese Sandwich
39.2%
What is his favorite food?
Softshell Crab
27.5%
If working at Dunder Mifflin were his career, Jim would do this.
Throw himself in front of a train
20.7%
What is Jim's middle name?
Duncan
16.9%
What are Jim's brothers names?
Tom and Pete
14%
Quiz Playlist
Details
Report
Send in Message
Add To Playlist
Classic:
Type in answers that appear in a list
Forced Order:
Answers have to be entered in order
Last Updated: Aug 28, 2017
Quiz Scoreboard
CHALLENGE
Sign Up to Join the Scoreboard
Show All
Scores
Hide
Comments
May contain spoilers
Recently Published
5x2 Blitz: Bands
by SL_Kpop136
Music
30s
Colored Red Africa Blitz
by spor1
Geography
30s
Find the 'City' Movie
by crazypaving
Movies
60s
More to Explore
Quiz From the Vault
Featured Blog Post
14 Easter Pick-up Lines to Find Eggs With
hide this ad
You Might Also Like...
Tags
Halpert
jim
The Office
Today's Top Quizzes in Television
Browse Television
hide this ad
Today's Top Quizzes in The Office
Browse The Office
Top Contributed Quizzes in Television
1
Survivor Journey Challenge
2
Survivor Logic Puzzle: Heroes vs. Villains
3
One Tree Hill Logic Puzzle
4
Phoebe Buffay Quotes
5
Game of Thrones: Tywin Lannister Start to Finish
6
Brooklyn Nine Nine Logic Puzzle (How-To-Play)
7
A Series of Unfortunate Events: Netflix Character Chain
8
All US Survivor Seasons in Order
9
Survivor: Criteria Castaways
10
A Series of Unfortunate Events: S3 Character Chain
Explore More
Trending Topics
Marvel
Harry Potter
Crossword
Anime
Disney
Kpop
NBA
Song
Pokémon
Soccer
Puzzle
The Office
WWE
Country
NFL
hide this ad
More By:
katy_
Quiz
Plays
Rating
Category
Featured
Created
The Office Trivia: Jim Halpert
4,698
4.07
Television
Jul 5, 2010
How Many Disney Movies Can You Name?
4,006
1.64
Movies
Nov 28, 2009
So You Think You Can Dance Styles
2,501
3.60
Television
Dec 19, 2009
The Office Trivia: Pam Beesly
1,515
3.86
Television
Jul 8, 2010
So You Think You Can Dance Choreographers
972
3.13
Television
Oct 12, 2009
Go to Creator's Profile
Score Distribution
Quiz Creator Spotlight
katy_
Follow
Send a Message
Quizzes Created
-
Created Quiz Play Count
-
More By This Creator
Popular Quizzes Today
1
Find the 'City' Movie
2
5x2 Blitz: Bands
3
Colored Red Africa Blitz
4
The Countries of the World
5
Find the US States - No Outlines Minefield
6
Find the US States
7
9x9 Crossword: Cartoon Network
8
US States
More Television Quizzes
LogiCrossword: Rupaul's Drag Race Season 11
Quiz Lab
Trending Quizzes
Colored Red Africa Blitz II
Colored Red Europe Blitz I
Colored Red Africa Blitz III
Colored Red Europe Blitz II
Colored Red Europe Blitz III
Recently Updated
Champions League XIs: Real Madrid
pecheneg
Largest US Cities 1790-2010
pecheneg
Rides in Walt Disney World
pecheneg
Most Oscar Losses (Acting)
pecheneg
Beyoncé Albums
pecheneg
Leaping Animals
pecheneg
Reality TV Shows (A-Z)
bhenderson79
Rickey Henderson's Hall of Fame Teammates
pecheneg
Champions League XIs: Arsenal
pecheneg
Quick Pick: Celebrities in WWE's Hall of Fame
aduchscher
Trending Topics
Marvel
NBA
Disney
Anime
Kpop
Crossword
Harry Potter
Soccer
Pokémon
WWE
Country
NFL
Song
Puzzle
The Office
Your Account Isn't Verified!
In order to create a playlist on Sporcle, you need to verify the email address you used during registration. Go to your
Sporcle Settings
to finish the process.
Report this User
Report this user for behavior that violates our
Community Guidelines
.
Details:
Send Report
Go to the Sporcle.com Mobile Site →
Comments